2025/26 UEFA Conference League Teams - Statistics

General Stats
  • This quiz has been taken 5,069 times
    1,756 since last reset
  • The average score is 21 of 36
Answers on the Map
Answers color-coded by a green-red scale on the quiz's map according to % correct below.
 
Answer Stats
Country Teams % Correct
Crystal Palace
84%
AEK
83%
Legia Warszawa
80%
FC Dynamo Kyiv
78%
Aberdeen
76%
ACF Fiorentina
76%
AC Sparta Praha
74%
FC Shakhtar Donetsk
72%
Alkmaar Zaanstreek
68%
Shamrock Rovers
66%
Japan SK Rapid Wien
66%
ŠK Slovan Bratislava
65%
KKS Lech Poznań
64%
1. FSV Mainz 05
63%
AC Omonia Nicosia
61%
RC Strasbourg Alsace
58%
FC Noah
57%
Lincoln Red Imps
56%
Rayo Vallecano de Madrid
55%
RKS Raków Częstochowa
55%
HNK Rijeka
54%
NK Celje
53%
AEK Larnaca
49%
Samsunspor
48%
HŠK Zrinjski Mostar
47%
Jagiellonia Białystok
47%
Kuopion Palloseura
47%
Ħamrun Spartans
45%
FC Lausanne-Sport
44%
Breiðablik
43%
SK Sigma Olomouc
42%
FC Drita
41%
Shelbourne
41%
CS Universitatea Craiova
39%
Sweden BK Häcken
38%
KF Shkëndija
35%
No matching quizzes found
Score Distribution
Percent of People with Each Score
Percentile by Number Answered
Your Score History
You have not taken this quiz since the last reset